Thượng kinh ký sự
Cuốn sách được viết sau khi Quận Huy và mẹ con Đặng Thị Huệ bị “kiêu binh†giết ít lâu (cách đây 195 năm)
Zapisane w:
| 1. autor: | |
|---|---|
| Kolejni autorzy: | |
| Format: | Książka |
| Język: | Undetermined |
| Wydane: |
H.
Hội Nhà văn ; Công ty Tri thức Văn hóa Sách Việt Nam
2020
|
| Hasła przedmiotowe: | |
| Dostęp online: | http://lrc.tdmu.edu.vn/opac/search/detail.asp?aID=2&ID=41345 |
| Etykiety: |
Dodaj etykietę
Nie ma etykietki, Dołącz pierwszą etykiete!
|
| Thư viện lưu trữ: | Trung tâm Học liệu Trường Đại học Thủ Dầu Một |
|---|
| LEADER | 00981nam a2200217Ia 4500 | ||
|---|---|---|---|
| 001 | TDMU_41345 | ||
| 008 | 210410s9999 xx 000 0 und d | ||
| 082 | |a 658.4092 | ||
| 090 | |b H103 | ||
| 100 | |a Hải, Thượng Lãn Ông | ||
| 245 | 0 | |a Thượng kinh ký sự | |
| 245 | 0 | |c Hải Thượng Lãn Ông ; Bùi Hạnh Cẩn (dịch) | |
| 260 | |a H. | ||
| 260 | |b Hội Nhà văn ; Công ty Tri thức Văn hóa Sách Việt Nam | ||
| 260 | |c 2020 | ||
| 300 | |a 250tr. | ||
| 520 | |a Cuốn sách được viết sau khi Quận Huy và mẹ con Đặng Thị Huệ bị “kiêu binh†giết ít lâu (cách đây 195 năm) | ||
| 650 | |a Văn học trung đại |v Ký sự |z Việt Nam; Văn học Việt Nam |v Ký sự | ||
| 700 | |a Bùi, Hạnh Cẩn | ||
| 856 | |u http://lrc.tdmu.edu.vn/opac/search/detail.asp?aID=2&ID=41345 | ||
| 980 | |a Trung tâm Học liệu Trường Đại học Thủ Dầu Một | ||